000 01603nam a22001817a 4500
008 180209b xxu||||| |||| 00| 0 eng d
020 _a9780199203802
050 _aRG136.O94
245 _aOxford handbook of reproductive medicine and family planning. /
_cedited by Enda McVeigh, John Guillebaud and Roy Homburg
260 _aNew York:
_bOxford University Press,
_c2008.
300 _axxii, 451p.:
_bills.;
_c19cm
500 _aIncludes index.
505 _aContents: Part 1: Reproductive medicine: Sexual differentiation -- Steroid hormones -- Menarche and adolescent gynaecology -- Ovaries and the menstrual cycle -- Polycystic ovary syndrome -- Hirsutism and virilization -- Amenorrhoea and oligomenorrhoea -- Menopause and hormone replacement therapy -- Initial advice to those concerned about delays in conception -- Defining infertility -- Investigation of fertility problems -- Management strategies for fertility problems -- Male infertility -- Ovulation induction -- Tubal and uterine disorders -- Medical and surgical management of endometriosis -- Intra-uterine insemination -- In vitro fertilization and associated assisted conception techniques -- Part 2: Contraception and family planning: Fertility and fertility awareness -- Male contraception -- Vaginal methods -- The combined oral contraceptive (COC) -- Progestogen-only pill(POP) -- Injectables -- Contraceptive implants -- Intra-uterine contraception -- Postcoital contraception -- Sterilization -- Special considerations.
700 _aMcVEIGH, Enda
700 _aGUILLEBAUD, John
700 _aHOMBURG, Roy
942 _2lcc
_cBK
999 _c6510
_d14010